|
|
|
|
| LEADER |
01034pam a22002538a 4500 |
| 001 |
00040703 |
| 005 |
20190326100307.0 |
| 008 |
161209s2014 ||||||Chisd |
| 020 |
# |
# |
|c 65000
|a 978 604 58 5245 3
|
| 041 |
0 |
# |
|a Vie
|
| 082 |
1 |
4 |
|a 909
|b TH250GI
|
| 100 |
1 |
# |
|a Christian, David
|
| 245 |
1 |
0 |
|a Thế giới một thoáng này một lược sử của nhân loại
|c David Christian; Mai Lê; Nguyễn Xuân Xanh
|b từ thời hái lượm đến thời internet
|
| 260 |
# |
# |
|b Tổng hợp Tp Hồ Chí Minh
|c 2016
|a Tp Hồ Chí Minh
|
| 300 |
# |
# |
|a 167 tr.
|c 21 cm.
|
| 653 |
# |
# |
|a Con người
|
| 653 |
# |
# |
|a lịch sử
|
| 653 |
# |
# |
|a Văn minh
|
| 653 |
# |
# |
|a Thế giới
|
| 700 |
1 |
# |
|a Nguyễn, Xuân Xanh
|e Hiệu đính và viết lời dẫn luận
|
| 700 |
1 |
# |
|a Mai Lê
|e Dịch
|
| 852 |
# |
# |
|j KD.0020418
|j KM.0021442
|j KM.0021443
|
| 910 |
# |
# |
|d 09/01/2018
|e ltkchi
|f 26/03/2019
|
| 980 |
# |
# |
|a Trung tâm Học liệu Lê Vũ Hùng, Trường Đại học Đồng Tháp
|